Asia meridional y central - Prueba de mapa - Estadísticas

Estadísticas generales
  • Esta prueba ha sido intentada 4.395 veces
  • La puntuación promedio es 11 de 13
Respuestas en el mapa
Las respuestas están codificadas por una escala verde-roja en el mapa de la prueba según el % correcto abajo.
 
Estadísticas de respuestas
Respuesta % Correcto
India
97%
Maldivas
95%
Sri Lanka
93%
Nepal
91%
Bangladés
90%
Bután
89%
Kazajistán
87%
Pakistán
87%
Afganistán
82%
Tayikistán
71%
Uzbekistán
70%
Kirguistán
67%
Turkmenistán
62%
No se encontraron pruebas coincidentes
Distribución de puntuación
Porcentaje de gente con cada puntuación
Porcentaje por número respondido
Historial de tus puntuaciones
No has intentado esta prueba.